Annals of Anatomy = Anatomischer Anzeiger : Official Organ of the Anatomische Gesellschaft. (Record no. 37350)

MARC details
000 -LEADER
fixed length control field 00497nam a2200145Ia 4500
022 ## - INTERNATIONAL STANDARD SERIAL NUMBER
ISSN 0940- 9602
050 ## - CALL MARK
Classification number QL801. A56
245 ## - TITLE STATEMENT
Title Annals of Anatomy = Anatomischer Anzeiger : Official Organ of the Anatomische Gesellschaft.
250 ## - EDITION / VOLUME STATEMENT
Edition / Volume statement Vol. 256
260 ## - PUBLICATION, DISTRIBUTION, ETC. (IMPRINT)
Place of publication New York
Name of publisher G. Fischer, Jena ; New York Urban & Fischer, Jena Elsevier, Munich
Year of publication 2024
300 ## - PHYSICAL DESCRIPTION
Number of Pages 428- 490 p. : ill. ; 28 cm.
650 ## - SUBJECT ADDED ENTRY--TOPICAL TERM
Topical Term Anatomy, Comparative--Periodicals<br/>Anatomy
942 ## - ADDED ENTRY ELEMENTS (KOHA)
Koha item type Serials
Source of classification Library of Congress Classification

No items available.